ABHINAVA KAUMARABHRTYA (Record no. 11350)

MARC details
000 -LEADER
fixed length control field 00281nam a22001337a 4500
003 - CONTROL NUMBER IDENTIFIER
control field SGT
082 ## - DEWEY DECIMAL CLASSIFICATION NUMBER
Classification number 618.1
Item number A15N
100 ## - MAIN ENTRY--PERSONAL NAME
Personal name NATHA,RADHAKRSNA
245 ## - TITLE STATEMENT
Title ABHINAVA KAUMARABHRTYA
260 ## - PUBLICATION, DISTRIBUTION, ETC. (IMPRINT)
Place of publication, distribution, etc DELHI
Name of publisher, distributor, etc VARANSI PUB
Year of Publication 2015
300 ## - PAGE DESCRIPTION
No. of Pages 355
650 ## - SUBJECT ADDED ENTRY--TOPICAL TERM
Topical term or geographic name as entry element AYURVEDA
942 ## - ADDED ENTRY ELEMENTS (KOHA)
Source of classification or shelving scheme Dewey Decimal Classification
Koha item type Books
Holdings
Withdrawn status Lost status Source of classification or shelving scheme Damaged status Not for loan Collection code Home library Current library Shelving location Date acquired Vendor Name Cost, normal purchase price SGTU Bill Number Total Checkouts Full call number Accession No. (Barcode) Date last seen Date last borrowed Bill Date Koha item type
    Dewey Decimal Classification     AYURVEDA SGT FA-FP Library SGT FA-FP Library Text Book 28/03/2017 CHAUKHAMBHA PUB 175.00 SGTU CP/B/948 1 618.1 A15N FA5764 15/02/2018 07/02/2018 09/02/2017 Books
    Dewey Decimal Classification     AYURVEDA SGT FA-FP Library SGT FA-FP Library Text Book 28/03/2017 CHAUKHAMBHA PUB 175.00 SGTU CP/B/948 1 618.1 A15N FA5765 06/02/2018 26/12/2017 09/02/2017 Books